[Event "11. Lovsprings EMT Basis 3 2000"]
[Site "Ringsted"]
[Date "2000.03.24"]
[Round "1"]
[White "Andersen, Jorgen"]
[Black "Nielsen, Bo"]
[Result "0-1"]
[WhiteElo "1104"]
[BlackElo "1227"]
[PlyCount "76"]
[EventDate "2000.??.??"]

1. e4 c6 2. Nf3 d5 3. Nc3 dxe4 4. Nxe4 Nd7 5. Bc4 Ngf6 6. Nxf6+ Nxf6 7. d3 e6
8. Bg5 Be7 9. O-O Ng4 10. Bxe7 Qxe7 11. h3 Nf6 12. Re1 O-O 13. a3 Re8 14. Ne5
Nd7 15. Qg4 Nxe5 16. Rxe5 f6 17. Re3 Kh8 18. Rae1 e5 19. Qh5 Be6 20. Bxe6 Qxe6
21. d4 g6 22. Qf3 Rad8 23. dxe5 f5 24. Rd3 Rxd3 25. Qxd3 Qd5 26. Qxd5 cxd5 27.
f4 Kg7 28. Kf2 Kf7 29. Re3 Rc8 30. Rc3 Rxc3 31. bxc3 b5 32. Ke3 h6 33. Kd4 Ke6
34. g3 g5 35. Kc5 h5 36. Kxb5 h4 37. gxh4 gxf4 38. h5 f3 0-1

[Event "11. Lovsprings EMT Basis 3 2000"]
[Site "Ringsted"]
[Date "2000.03.24"]
[Round "1"]
[White "Bigum, Vagn"]
[Black "Janbazi, Farzad"]
[Result "0-1"]
[WhiteElo "1101"]
[BlackElo "1039"]
[PlyCount "33"]
[EventDate "2000.??.??"]

1. f4 b6 2. Nf3 Nf6 3. e3 c5 4. b3 d5 5. Bb2 Bg4 6. Be2 e6 7. Ne5 h5 8. d3 d4
9. e4 Nbd7 10. h3 Bxe2 11. Qxe2 Nxe5 12. fxe5 Nd7 13. Nd2 Nxe5 14. O-O-O Nc6
15. g4 g6 16. Qf3 Ne5 17. Qf6 0-1

[Event "11. Lovsprings EMT Basis 3 2000"]
[Site "Ringsted"]
[Date "2000.03.24"]
[Round "1"]
[White "Dinesen, Henrik"]
[Black "Pedersen, Jon"]
[Result "0-1"]
[WhiteElo "1104"]
[BlackElo "1100"]
[PlyCount "36"]
[EventDate "2000.??.??"]

1. d4 Nf6 2. c4 d6 3. Nc3 Nbd7 4. Nf3 e5 5. e4 Be7 6. Be2 c6 7. O-O a6 8. d5
cxd5 9. exd5 Nc5 10. b4 Ncd7 11. Bd3 a5 12. Qa4 O-O 13. Be3 Nb6 14. Qa3 Qc7 15.
Nb5 Qd8 16. Nd2 Bd7 17. bxa5 Bxb5 18. Bxb6 Qxb6 0-1

[Event "11. Lovsprings EMT Basis 3 2000"]
[Site "Ringsted"]
[Date "2000.03.24"]
[Round "1"]
[White "Mogensen, Soren"]
[Black "Astrup, Knud"]
[Result "1/2-1/2"]
[WhiteElo "1100"]
[BlackElo "1228"]
[PlyCount "88"]
[EventDate "2000.??.??"]

1. e4 e6 2. Nf3 d5 3. exd5 exd5 4. d4 Nf6 5. Bg5 c6 6. Bd3 Be7 7. Nbd2 O-O 8.
O-O Nbd7 9. c3 Re8 10. Qc2 h6 11. Bh4 Nh5 12. Bxe7 Rxe7 13. Rae1 Qe8 14. Rxe7
Qxe7 15. Re1 Qd8 16. Nb3 Ndf6 17. Qe2 Nf4 18. Qe3 Nxd3 19. Qxd3 Qc7 20. Nbd2
Be6 21. Ne5 Re8 22. Ndf3 Qe7 23. Qd2 Ne4 24. Qe3 Qc7 25. Nd2 f5 26. Nxe4 fxe4
27. Qg3 Bf5 28. Qf4 Rf8 29. Ng6 Qxf4 30. Nxf4 Kh7 31. Ne2 g5 32. Ng3 Kg6 33.
Nxf5 Kxf5 34. Re3 g4 35. f3 Kf4 36. Kf2 gxf3 37. gxf3 Kg5 38. Kg3 Rxf3+ 39.
Rxf3 exf3 40. Kxf3 Kh4 41. Kg2 b5 42. h3 a6 43. a3 a5 44. Kh2 h5 1/2-1/2

[Event "11. Lovsprings EMT Basis 3 2000"]
[Site "Ringsted"]
[Date "2000.03.24"]
[Round "1"]
[White "Nielsen, Poul"]
[Black "Vilsgaard, Lars"]
[Result "1-0"]
[WhiteElo "1085"]
[BlackElo "1192"]
[PlyCount "95"]
[EventDate "2000.??.??"]

1. d4 d5 2. Nc3 Nf6 3. Bg5 e6 4. Nf3 Bb4 5. Bd2 Bxc3 6. Bxc3 O-O 7. e3 Nc6 8.
Bb5 Bd7 9. O-O a6 10. Bxc6 Bxc6 11. Ne5 Bb5 12. Re1 Ne4 13. Bb4 Re8 14. f3 Nd6
15. b3 Nf5 16. a4 Bd7 17. Re2 a5 18. Be1 f6 19. Ng4 Bc6 20. Qd3 h5 21. Nf2 Qd7
22. e4 dxe4 23. Nxe4 Qxd4+ 24. Qxd4 Nxd4 25. Rd2 Bxe4 26. fxe4 Rad8 27. Rad1 b6
28. Rxd4 Rxd4 29. Rxd4 Kf7 30. Rd7+ Re7 31. Rd3 g6 32. Rf3 f5 33. h3 Rd7 34. g4
Rd1 35. Rf1 Rc1 36. gxh5 Rxc2 37. hxg6+ Kxg6 38. exf5+ exf5 39. Rf3 Kg5 40. Rc3
Rxc3 41. Bxc3 Kh4 42. Kh2 c6 43. Bf6+ Kh5 44. Bd8 b5 45. Bxa5 f4 46. Bb4 Kg5
47. a5 f3 48. Kg3 1-0

[Event "11. Lovsprings EMT Basis 3 2000"]
[Site "Ringsted"]
[Date "2000.03.24"]
[Round "1"]
[White "Simonsen, Arnhold"]
[Black "Abdi, Farhad"]
[Result "0-1"]
[WhiteElo "1000"]
[BlackElo "1027"]
[PlyCount "68"]
[EventDate "2000.??.??"]

1. e4 Nc6 2. Nf3 e5 3. Nc3 Nf6 4. Bc4 Bc5 5. O-O d6 6. d3 Bg4 7. Nd5 Nd4 8.
Nxf6+ gxf6 9. Be3 Rg8 10. Bxd4 exd4 11. h3 Bxh3 12. Kh2 Bg4 13. Rg1 Ke7 14. c3
Rg6 15. Qd2 Qd7 16. cxd4 Bxf3 17. gxf3 Bxd4 18. Rxg6 hxg6 19. Qh6 Rf8 20. Rg1
Qe8 21. f4 Rh8 22. Qxh8 Qxh8+ 23. Kg2 Qh4 24. Rf1 Qg4+ 25. Kh2 Qxf4+ 26. Kg2 g5
27. f3 Bxb2 28. Rb1 Qd2+ 29. Kh3 b6 30. a4 a5 31. Bb5 Be5 32. d4 Qh2+ 33. Kg4
Qg3+ 34. Kh5 Qh4# 0-1

[Event "11. Lovsprings EMT Basis 3 2000"]
[Site "Ringsted"]
[Date "2000.03.24"]
[Round "1"]
[White "Vintersfjord, Inette"]
[Black "Jakobsen, Henning"]
[Result "1-0"]
[WhiteElo "1000"]
[BlackElo "1224"]
[PlyCount "75"]
[EventDate "2000.??.??"]

1. e4 c5 2. Bc4 e6 3. Nc3 Nc6 4. Nf3 d6 5. d3 Nf6 6. h3 Be7 7. O-O O-O 8. Be3
a6 9. a3 b5 10. Bb3 Bb7 11. Ba2 Qc7 12. b3 Nd7 13. Rb1 Bf6 14. Bd2 Bxc3 15.
Bxc3 f6 16. b4 Nd8 17. Qd2 Nb6 18. Qe2 d5 19. bxc5 Qxc5 20. Bb4 Qc7 21. Bxf8
Kxf8 22. exd5 Bxd5 23. Bxd5 Nxd5 24. Qd2 Rc8 25. Rbc1 Nc3 26. Rfe1 e5 27. Nh4
Qd7 28. Re3 Nf7 29. d4 exd4 30. Rd3 Rc4 31. Nf3 Ne5 32. Nxe5 fxe5 33. Rf3+ Kg8
34. Kf1 Qc6 35. Qg5 Qe8 36. Re1 Rc5 37. Rf5 Qg6 38. Qd8+ 1-0

[Event "11. Lovsprings EMT Basis 3 2000"]
[Site "Ringsted"]
[Date "2000.03.31"]
[Round "2"]
[White "Astrup, Knud"]
[Black "Nielsen, Poul"]
[Result "0-1"]
[WhiteElo "1228"]
[BlackElo "1085"]
[PlyCount "42"]
[EventDate "2000.??.??"]

1. f4 d5 2. Nf3 Nc6 3. e3 a6 4. Be2 Bf5 5. b3 Nb4 6. d3 f6 7. O-O e6 8. Nh4 Ne7
9. Bb2 Qd6 10. Bh5+ Bg6 11. Ba3 Qb6 12. Re1 O-O-O 13. Nxg6 hxg6 14. Bf3 Nf5 15.
Qd2 d4 16. e4 Ne3 17. Bxb4 Bxb4 18. c3 Bc5 19. c4 Bb4 20. Qb2 Bxe1 21. Na3 Bc3
0-1

[Event "11. Lovsprings EMT Basis 3 2000"]
[Site "Ringsted"]
[Date "2000.03.31"]
[Round "2"]
[White "Dinesen, Henrik"]
[Black "Mogensen, Soren"]
[Result "1-0"]
[WhiteElo "1104"]
[BlackElo "1100"]
[PlyCount "127"]
[EventDate "2000.??.??"]

1. d4 d5 2. c4 e6 3. Nf3 Nc6 4. Nc3 Nf6 5. Bg5 Be7 6. e3 Ng8 7. Bf4 a6 8. Bd3
Bf6 9. O-O Nge7 10. a3 Bd7 11. b4 Ng6 12. Bxg6 fxg6 13. cxd5 exd5 14. Nxd5 Rc8
15. Rc1 Be6 16. Nc3 Bf7 17. Ne4 Be7 18. Nc5 Bxc5 19. Rxc5 O-O 20. Qc2 Qd7 21.
Rd1 Bd5 22. e4 Rxf4 23. Rxd5 Qe7 24. Qc4 Kh8 25. Ne5 Nxe5 26. Rxe5 Qf8 27. f3
Qd6 28. Qe6 Qxe6 29. Rxe6 h6 30. Rxg6 Rd8 31. Re6 Rf7 32. d5 Rfd7 33. Kf2 Kg8
34. Ke3 Kf7 35. Re5 Kf6 36. Rf5+ Ke7 37. Kd4 g6 38. Re5+ Kf6 39. Re6+ Kf7 40.
Ke5 Re7 41. Rxe7+ Kxe7 42. Rc1 Rc8 43. Kd4 Kd7 44. e5 Re8 45. f4 h5 46. Rc3 Rf8
47. Rf3 c6 48. d6 b6 49. Ke4 Ke6 50. h3 h4 51. g4 hxg3 52. Rxg3 Rg8 53. a4 c5
54. bxc5 bxc5 55. Rc3 Rc8 56. Rg3 Rg8 57. h4 c4 58. Rc3 Rh8 59. Rxc4 Rxh4 60.
Kf3 Rh8 61. Kg4 Rg8 62. Kg5 Kd7 63. Rc7+ Kd8 64. e6 1-0

[Event "11. Lovsprings EMT Basis 3 2000"]
[Site "Ringsted"]
[Date "2000.03.31"]
[Round "2"]
[White "Nielsen, Bo"]
[Black "Abdi, Farhad"]
[Result "0-1"]
[WhiteElo "1227"]
[BlackElo "1027"]
[PlyCount "92"]
[EventDate "2000.??.??"]

1. d4 d5 2. Nf3 e6 3. Bf4 Be7 4. e3 Nc6 5. Nbd2 Nf6 6. Bd3 Bb4 7. c3 Be7 8. O-O
O-O 9. Re1 Bd7 10. Qc2 Nh5 11. Bxh7+ Kh8 12. Ne5 Nxe5 13. Bxe5 f5 14. Bg6 Be8
15. Bxe8 Rxe8 16. c4 c6 17. Qb3 Qd7 18. e4 fxe4 19. Qh3 Bf6 20. Qxh5+ Kg8 21.
Re3 Bxe5 22. Qxe5 Qf7 23. Rf1 Rf8 24. f3 Qg6 25. Qg3 Qf6 26. Qe5 Qh6 27. f4 Rf5
28. Qc7 Raf8 29. Rh3 Qf6 30. g3 Qxd4+ 31. Rf2 e3 32. Nf3 exf2+ 33. Kf1 Qe3 34.
Qe7 Qxf3 35. Qxe6+ R5f7 36. cxd5 Qxd5 37. Qxd5 cxd5 38. Rh5 Rd7 39. Re5 Kf7 40.
Rf5+ Kg8 41. Re5 d4 42. Kxf2 d3 43. Ke1 Rc8 44. h4 d2+ 45. Kf2 d1=Q 46. Kg2 Qg4
0-1

[Event "11. Lovsprings EMT Basis 3 2000"]
[Site "Ringsted"]
[Date "2000.03.31"]
[Round "2"]
[White "Pedersen, Jon"]
[Black "Vintersfjord, Inette"]
[Result "1-0"]
[WhiteElo "1100"]
[BlackElo "1000"]
[PlyCount "119"]
[EventDate "2000.??.??"]

1. e4 e5 2. f4 exf4 3. Nf3 Bc5 4. d4 Bb6 5. Bc4 Qf6 6. e5 Qf5 7. Qd3 d6 8. exd6
cxd6 9. Qxf5 Bxf5 10. c3 Nf6 11. Bxf4 Bc7 12. O-O O-O 13. Nbd2 Nbd7 14. Rad1
Ne4 15. Bd5 Nxd2 16. Rxd2 Rab8 17. Re1 h6 18. Be4 Bxe4 19. Rxe4 d5 20. Bxc7
dxe4 21. Bxb8 exf3 22. Bd6 Re8 23. gxf3 Nf6 24. Be5 Nh5 25. Kf2 f6 26. Bg3 g5
27. Kg2 Kg7 28. d5 f5 29. Bc7 Nf6 30. d6 Nd7 31. Kf2 Kf6 32. Rd4 Ke5 33. Rb4 b6
34. a4 Ke6 35. a5 Rc8 36. axb6 axb6 37. f4 Rg8 38. Rd4 Rf8 39. Rd2 Rf7 40. Re2+
Kf6 41. Bd8+ Kg7 42. fxg5 hxg5 43. Bxg5 Nf6 44. Re7 Ne4+ 45. Rxe4 fxe4+ 46. Ke3
Rd7 47. Be7 Kg6 48. Kxe4 Kf7 49. Ke5 Ra7 50. Kd5 Ra2 51. b4 Rxh2 52. c4 Rc2 53.
c5 bxc5 54. bxc5 Ra2 55. c6 Ra5+ 56. Kc4 Ra4+ 57. Kb5 Ra1 58. c7 Rb1+ 59. Kc6
Rc1+ 60. Kd7 1-0

[Event "11. Lovsprings EMT Basis 3 2000"]
[Site "Ringsted"]
[Date "2000.03.31"]
[Round "2"]
[White "Simonsen, Andreas"]
[Black "Janbazi, Farzad"]
[Result "1/2-1/2"]
[WhiteElo "1000"]
[BlackElo "1039"]
[PlyCount "124"]
[EventDate "2000.??.??"]

1. g3 g6 2. Bg2 d5 3. Nf3 Bg7 4. O-O Nf6 5. d3 O-O 6. Bg5 Nc6 7. Nc3 Bf5 8. Nh4
Bd7 9. Nxd5 Nxd5 10. Bxd5 Ne5 11. Bxb7 Rb8 12. Bg2 Ng4 13. Bh3 Ne5 14. Bxd7
Qxd7 15. d4 Nc4 16. b3 Bxd4 17. Rb1 Ne5 18. e3 Bb6 19. Bf4 Qb5 20. Bxe5 Qxe5
21. Nf3 Qe6 22. Ng5 Qe5 23. Qg4 f5 24. Qh4 h5 25. Nf3 Qe4 26. Qxe4 fxe4 27. Ne5
Rfd8 28. Nc6 Rd2 29. Nxb8 Rxc2 30. Nd7 Ba5 31. Ra1 c5 32. Ne5 Kg7 33. f3 Bc7
34. Nc6 Kh6 35. Nxe7 Be5 36. Rfc1 Rd2 37. Rd1 Re2 38. Re1 exf3 39. Rxe2 fxe2
40. Kf2 Bxa1 41. Kxe2 a5 42. Nd5 g5 43. a3 Kg6 44. b4 axb4 45. axb4 c4 46. Kd2
Be5 47. Nc3 Bd6 48. b5 Bc5 49. Nd5 Kf5 50. Kc3 Bd6 51. Kxc4 Ke5 52. b6 Bb8 53.
Nb4 Ke4 54. Na6 Be5 55. Nc7 Kxe3 56. Kd5 Bf4 57. gxf4 gxf4 58. b7 f3 59. b8=Q
f2 60. Qb1 Ke2 61. Qc2+ Kf1 62. Qxf2+ Kxf2 1/2-1/2

[Event "11. Lovsprings EMT Basis 3 2000"]
[Site "Ringsted"]
[Date "2000.03.31"]
[Round "2"]
[White "Vilsgaard, Lars"]
[Black "Andersen, Jorgen"]
[Result "0-1"]
[WhiteElo "1192"]
[BlackElo "1104"]
[PlyCount "78"]
[EventDate "2000.??.??"]

1. e4 e6 2. Nf3 Nc6 3. Bb5 Nge7 4. Bxc6 Nxc6 5. O-O Be7 6. Nc3 Bb4 7. Ne2 e5 8.
c3 Ba5 9. d4 d6 10. Bg5 f6 11. Bh4 O-O 12. dxe5 Nxe5 13. Qd5+ Kh8 14. Qxa5
Nxf3+ 15. gxf3 b6 16. Qd5 Bh3 17. Rfd1 Qe8 18. Nf4 Bd7 19. Bg3 Rd8 20. Qb7 Ba4
21. b3 Bc6 22. Qxc7 Rf7 23. Qxf7 Qxf7 24. Nh3 d5 25. c4 d4 26. Rd2 b5 27. Rc1
Qb7 28. Nf4 a6 29. Ne6 Re8 30. Nf4 Qd7 31. Ne2 f5 32. Rxd4 Qb7 33. cxb5 axb5
34. Rd6 fxe4 35. f4 Bd5 36. f5 e3 37. Rc5 Bh1 38. Nf4 e2 39. Re6 e1=R+ 0-1

[Event "11. Lovsprings EMT Basis 3 2000"]
[Site "Ringsted"]
[Date "2000.04.07"]
[Round "3"]
[White "Abdi, Farhad"]
[Black "Pedersen, Jon"]
[Result "0-1"]
[WhiteElo "1027"]
[BlackElo "1100"]
[PlyCount "108"]
[EventDate "2000.??.??"]

1. d3 d5 2. g3 Nf6 3. Bg2 c6 4. Bf4 Nbd7 5. Nf3 Qb6 6. Nbd2 Qxb2 7. O-O e5 8.
Bg5 Be7 9. e4 h6 10. Bxf6 Bxf6 11. Re1 d4 12. Nc4 Qb4 13. Rb1 Qc5 14. Qe2 b5
15. Ncd2 Nb6 16. Nb3 Qd6 17. Nfd2 Na4 18. Rb2 Nxb2 19. Rb1 Na4 20. Re1 Nc3 21.
Qf1 Nxa2 22. f4 Be6 23. fxe5 Bxe5 24. Nf3 Bxb3 25. cxb3 Nc3 26. Nxe5 Qxe5 27.
Bh3 O-O 28. Bd7 Qd6 29. Bf5 a5 30. e5 Qe7 31. e6 fxe6 32. Bxe6+ Qxe6 33. Qxf8+
Kxf8 34. Rxe6 Rc8 35. Kf2 Kf7 36. Rd6 Rc7 37. Rxd4 Nd5 38. Ke2 Kf6 39. Kf3 Kf5
40. Rh4 Re7 41. g4+ Kg5 42. Rh5+ Kf6 43. Rf5+ Kg6 44. h4 Kh7 45. d4 Re3+ 46.
Kf2 Rxb3 47. Rf7 Rc3 48. Ke2 a4 49. Ra7 Ra3 50. Kd2 b4 51. Kc2 Rc3+ 52. Kd2 a3
53. Rb7 b3 54. Rf7 a2 0-1

[Event "11. Lovsprings EMT Basis 3 2000"]
[Site "Ringsted"]
[Date "2000.04.07"]
[Round "3"]
[White "Jakobsen, Henning"]
[Black "Simonsen, Arnhold"]
[Result "1-0"]
[WhiteElo "1224"]
[BlackElo "1000"]
[PlyCount "55"]
[EventDate "2000.??.??"]

1. d4 d5 2. c4 dxc4 3. Nc3 Nf6 4. Nf3 Bf5 5. Bf4 Na6 6. e3 Nb4 7. Qa4+ Nc6 8.
Bxc4 e6 9. a3 a6 10. Qd1 Na5 11. Ba2 Be7 12. O-O O-O 13. Rc1 Ng4 14. Na4 b5 15.
Bxc7 Qd7 16. Bxa5 bxa4 17. Rc7 Qd8 18. Qxa4 Qe8 19. Qxe8 Raxe8 20. h3 Nh6 21.
Rfc1 Be4 22. Ne5 Bd6 23. Ra7 f6 24. Bb4 Bxb4 25. Nd7 Rf7 26. axb4 Ree7 27. Rc8+
Rf8 28. Nxf8 1-0

[Event "11. Lovsprings EMT Basis 3 2000"]
[Site "Ringsted"]
[Date "2000.04.07"]
[Round "3"]
[White "Janbazi, Farzad"]
[Black "Nielsen, Poul"]
[Result "0-1"]
[WhiteElo "1039"]
[BlackElo "1085"]
[PlyCount "76"]
[EventDate "2000.??.??"]

1. d4 d5 2. c4 c6 3. Nc3 e6 4. e3 Nf6 5. c5 b6 6. b4 Bd7 7. Nf3 b5 8. Bd3 a5 9.
bxa5 Qxa5 10. Bd2 Qa3 11. O-O b4 12. Qc2 bxc3 13. Qxc3 Qxc3 14. Bxc3 Ra3 15.
Bb4 Rxd3 16. Ne1 Rxd4 17. exd4 Na6 18. a3 g6 19. Nf3 Bg7 20. Bc3 O-O 21. Ne5
Nb8 22. a4 Ne4 23. Ba5 Bxe5 24. dxe5 Na6 25. f3 Nexc5 26. Rab1 Nxa4 27. Bb4 c5
28. Bd2 c4 29. Rfc1 Rc8 30. Ra1 N4c5 31. Ra3 Nd3 32. Rc2 Nxe5 33. Bc3 Nd3 34.
Bd4 Rb8 35. h4 e5 36. Rxd3 cxd3 37. Rc7 exd4 38. Rxd7 d2 0-1

[Event "11. Lovsprings EMT Basis 3 2000"]
[Site "Ringsted"]
[Date "2000.04.07"]
[Round "3"]
[White "Nielsen, Bo"]
[Black "Dinesen, Henrik"]
[Result "0-1"]
[WhiteElo "1227"]
[BlackElo "1104"]
[PlyCount "120"]
[EventDate "2000.??.??"]

1. d4 Nf6 2. Bf4 d5 3. Nd2 c6 4. c3 Nbd7 5. Ngf3 e6 6. e3 Be7 7. Bd3 O-O 8. O-O
h6 9. h3 c5 10. a4 c4 11. Bc2 a5 12. b3 Nb6 13. bxc4 Nxc4 14. Nxc4 dxc4 15. Ne5
Nd5 16. Nxc4 Nxf4 17. exf4 Qc7 18. Qd3 f5 19. Ne5 Bd6 20. Rfe1 b6 21. Re3 Ba6
22. Qd2 Rac8 23. Bb3 Rf6 24. d5 Bc5 25. dxe6 Bxe3 26. e7+ Kh7 27. fxe3 Qxe7 28.
g4 Rd6 29. Qe1 g6 30. gxf5 gxf5 31. Bf7 Rf8 32. Rd1 Rxd1 33. Bg6+ Kh8 34. Qxd1
Bc8 35. Qd4 Rf6 36. Nf7+ Kg7 37. Ne5 Rxg6+ 38. Nxg6+ Kxg6 39. Qxb6+ Kh7 40. Qd4
Qg7+ 41. Qxg7+ Kxg7 42. Kf1 Kf6 43. Ke2 Bd7 44. Kd3 Bxa4 45. c4 Ke6 46. e4
fxe4+ 47. Kxe4 Bc6+ 48. Kd4 a4 49. Kc3 a3 50. Kb3 a2 51. Kxa2 Kf5 52. Kb2 Kxf4
53. Kc2 Kg3 54. h4 Kxh4 55. Kd2 Kg3 56. Ke2 h5 57. Kf1 Kh2 58. Kf2 h4 59. Kf1
Kg3 60. Kg1 h3 0-1

[Event "11. Lovsprings EMT Basis 3 2000"]
[Site "Ringsted"]
[Date "2000.04.07"]
[Round "3"]
[White "Vintersfjord, Inette"]
[Black "Simonsen, Andreas"]
[Result "1-0"]
[WhiteElo "1000"]
[BlackElo "1000"]
[PlyCount "63"]
[EventDate "2000.??.??"]

1. e4 g6 2. d4 Bg7 3. Nf3 Nf6 4. Nc3 Nc6 5. Be3 b6 6. Bd3 Bb7 7. a3 d5 8. exd5
Nxd5 9. Nxd5 Qxd5 10. Be2 O-O 11. O-O Na5 12. b3 Bf6 13. Bf4 g5 14. Bxc7 g4 15.
Ne1 Bxd4 16. Rb1 Bc3 17. Bxg4 Bxe1 18. Bf3 Qb5 19. Rxe1 Bxf3 20. Qxf3 f6 21.
Rbd1 Nc6 22. g3 Ne5 23. Bxe5 fxe5 24. Qe4 Qc5 25. Qxe5 Qxf2+ 26. Kh1 Qf3+ 27.
Kg1 Rad8 28. Rxd8 Rxd8 29. Qxe7 Rd2 30. Qg5+ Kh8 31. Re8+ Qf8 32. Rxf8# 1-0

[Event "11. Lovsprings EMT Basis 3 2000"]
[Site "Ringsted"]
[Date "2000.04.14"]
[Round "4"]
[White "Abdi, Farhad"]
[Black "Vintersfjord, Inette"]
[Result "1-0"]
[WhiteElo "1027"]
[BlackElo "1000"]
[PlyCount "71"]
[EventDate "2000.??.??"]

1. d4 d5 2. c4 Nf6 3. Nc3 Nc6 4. Nf3 h6 5. Bf4 Bg4 6. Ne5 e6 7. Qd2 Ne4 8. Qe3
Nxc3 9. bxc3 Nxe5 10. Bxe5 dxc4 11. Qf4 Bf5 12. e4 Bg6 13. Bxc4 Ba3 14. Rb1 b6
15. O-O c6 16. Bxg7 Rh7 17. Bxh6 Bd6 18. e5 Bxb1 19. exd6 Bf5 20. Re1 b5 21.
Be2 Qa5 22. Qd2 Rd8 23. Bf4 a6 24. Bf3 Kd7 25. Be4 Bxe4 26. Rxe4 Rg8 27. Bg3 f5
28. Rh4 Rxh4 29. Bxh4 Kxd6 30. Qf4+ Kd5 31. Qe5+ Kc4 32. Qxe6+ Kxc3 33. Qxg8
Kb2 34. Qb3+ Kc1 35. Bg5+ f4 36. Bxf4+ 1-0

[Event "11. Lovsprings EMT Basis 3 2000"]
[Site "Ringsted"]
[Date "2000.04.14"]
[Round "4"]
[White "Bigum, Vagn"]
[Black "Vilsgaard, Lars"]
[Result "0-1"]
[WhiteElo "1101"]
[BlackElo "1192"]
[PlyCount "30"]
[EventDate "2000.??.??"]

1. f4 Nc6 2. Nf3 d5 3. e3 Bg4 4. Bb5 Qd6 5. d4 a6 6. Bxc6+ Qxc6 7. O-O e6 8. c3
Nf6 9. Nbd2 Ne4 10. Qe1 Nxd2 11. Nxd2 Bd6 12. Qg3 Be2 13. Rf2 Bd3 14. Qxg7 Rf8
15. Qxh7 Bxh7 0-1

[Event "11. Lovsprings EMT Basis 3 2000"]
[Site "Ringsted"]
[Date "2000.04.14"]
[Round "4"]
[White "Dinesen, Henrik"]
[Black "Jakobsen, Henning"]
[Result "1-0"]
[WhiteElo "1104"]
[BlackElo "1224"]
[PlyCount "75"]
[EventDate "2000.??.??"]

1. d4 Nf6 2. c4 g6 3. Nc3 Bg7 4. e4 d6 5. Bg5 Nc6 6. Nf3 O-O 7. d5 Ne5 8. Nxe5
dxe5 9. Be2 Nd7 10. b4 f6 11. Be3 b6 12. O-O h6 13. a3 f5 14. exf5 Rxf5 15. Bg4
Rf8 16. Ne4 Nf6 17. Nxf6+ Bxf6 18. Bxh6 Bxg4 19. Qxg4 Bg7 20. Qxg6 Rf7 21. Bxg7
Rxg7 22. Qe6+ Kh7 23. Qxe5 Qd6 24. Qxd6 exd6 25. Rac1 Re7 26. Rfe1 Rae8 27.
Rxe7+ Rxe7 28. Kf1 Rf7 29. Rc3 Rf4 30. f3 Kg6 31. g3 Rd4 32. Kg2 Kf5 33. h4 Ke5
34. h5 Kf6 35. g4 Kg5 36. Kg3 a6 37. Re3 Rxc4 38. Re6 1-0

[Event "11. Lovsprings EMT Basis 3 2000"]
[Site "Ringsted"]
[Date "2000.04.14"]
[Round "4"]
[White "Janbazi, Farzad"]
[Black "Astrup, Knud"]
[Result "0-1"]
[WhiteElo "1039"]
[BlackElo "1228"]
[PlyCount "102"]
[EventDate "2000.??.??"]

1. e4 e6 2. d4 d5 3. e5 c5 4. Nf3 Qb6 5. b3 Nc6 6. c3 cxd4 7. cxd4 Bb4+ 8. Bd2
Nxd4 9. a3 Nxf3+ 10. gxf3 Bxd2+ 11. Nxd2 Ne7 12. Bg2 Ng6 13. O-O Nxe5 14. f4
Nc6 15. Nf3 Ne7 16. Ne5 f6 17. Ng4 Bd7 18. a4 O-O 19. h4 Qd6 20. Qf3 Ng6 21.
Qg3 Qxf4 22. h5 Qxg3 23. fxg3 Ne7 24. h6 Nf5 25. hxg7 Kxg7 26. Rac1 Rac8 27.
Rxc8 Rxc8 28. Rf4 a5 29. Nf2 Be8 30. Bxd5 exd5 31. Rxf5 Bf7 32. Rf4 Rc3 33. b4
Rxg3+ 34. Kh2 Rg5 35. bxa5 Re5 36. Nd3 Re4 37. Kg3 Rxf4 38. Kxf4 h5 39. Kg3 d4
40. Nc5 Bd5 41. Nd3 Bc4 42. Nb2 Ba6 43. Nd1 Kg6 44. Kf4 f5 45. Ke5 Be2 46. Nf2
d3 47. Kd6 d2 48. Kc7 Bf3 49. Kb6 h4 50. a6 bxa6 51. Kxa6 h3 0-1

[Event "11. Lovsprings EMT Basis 3 2000"]
[Site "Ringsted"]
[Date "2000.04.14"]
[Round "4"]
[White "Mogensen, Soren"]
[Black "Simonsen, Andreas"]
[Result "1-0"]
[WhiteElo "1100"]
[BlackElo "1000"]
[PlyCount "83"]
[EventDate "2000.??.??"]

1. e4 g6 2. Nf3 Bg7 3. Bc4 e5 4. d3 Nf6 5. Nc3 O-O 6. Nxe5 d6 7. Nf3 Ng4 8. h3
Ne5 9. Nxe5 Bxe5 10. Qf3 Qf6 11. Qxf6 Bxf6 12. Nd5 Bd8 13. Be3 c6 14. Nc3 c5
15. a3 Nc6 16. O-O-O Be6 17. Bxe6 fxe6 18. h4 Nd4 19. f3 Ba5 20. Bxd4 cxd4 21.
Ne2 Rac8 22. Nxd4 e5 23. Ne2 Rc7 24. b4 Bb6 25. Kd2 Rfc8 26. Rc1 a5 27. h5 axb4
28. axb4 g5 29. Rhf1 Bd4 30. Nxd4 exd4 31. f4 Rf8 32. fxg5 Rxf1 33. Rxf1 Rf7
34. Rxf7 Kxf7 35. g6+ hxg6 36. hxg6+ Kxg6 37. Ke2 Kf6 38. Kf3 Ke5 39. Kg4 d5
40. exd5 Kxd5 41. Kf5 b6 42. g4 1-0

[Event "11. Lovsprings EMT Basis 3 2000"]
[Site "Ringsted"]
[Date "2000.04.14"]
[Round "4"]
[White "Nielsen, Poul"]
[Black "Pedersen, Jon"]
[Result "0-1"]
[WhiteElo "1085"]
[BlackElo "1100"]
[PlyCount "78"]
[EventDate "2000.??.??"]

1. d4 Nf6 2. c4 d6 3. Nc3 Nbd7 4. e3 e5 5. Be2 Be7 6. Bd3 O-O 7. Qc2 Re8 8. Ne4
Bf8 9. Ne2 b6 10. O-O Bb7 11. d5 Rc8 12. Qa4 Nxe4 13. Bxe4 Nc5 14. Qc2 Nxe4 15.
Qxe4 Qd7 16. b3 a5 17. Nc3 c6 18. Ba3 c5 19. Na4 Qc7 20. Nc3 Ba6 21. Bb2 g6 22.
Qf3 Bg7 23. e4 Rf8 24. Qe3 f5 25. f3 Qe7 26. Qe2 Bh6 27. Rad1 Qg5 28. Bc1 f4
29. Bd2 Rb8 30. Be1 Qe7 31. Qd3 Qd7 32. a4 Bg5 33. Kh1 h5 34. h3 Kf7 35. Rg1
Be7 36. Rd2 Rh8 37. Qf1 Rbg8 38. g3 fxg3 39. Bxg3 Bc8 0-1

[Event "11. Lovsprings EMT Basis 3 2000"]
[Site "Ringsted"]
[Date "2000.04.25"]
[Round "4"]
[White "Simonsen, Arnhold"]
[Black "Nielsen, Bo"]
[Result "0-1"]
[WhiteElo "1000"]
[BlackElo "1227"]
[PlyCount "110"]
[EventDate "2000.??.??"]

1. e4 c6 2. Nf3 d5 3. Bd3 Nd7 4. Nc3 e6 5. O-O Bd6 6. Be2 Ngf6 7. exd5 cxd5 8.
Bb5 a6 9. Bxd7+ Bxd7 10. d4 h6 11. Ne5 Rc8 12. Be3 Ba3 13. bxa3 Rxc3 14. Bc1
Ba4 15. Bd2 Rc8 16. Rb1 Bxc2 17. Qc1 Bxb1 18. Qxb1 b5 19. a4 Qb6 20. Qb2 Rc4
21. Be3 Rc8 22. Rc1 O-O 23. g4 Qb7 24. Bd2 Nd7 25. Nxd7 Qxd7 26. Bb4 Rxc1+ 27.
Qxc1 Rc8 28. Qd2 Rc4 29. f4 Qc7 30. Ba3 Rc2 31. Qd3 Rxa2 32. h4 Qc2 33. Qxc2
Rxc2 34. g5 h5 35. a5 Ra2 36. Bb4 Ra4 37. Bd2 b4 38. Bxb4 Rxb4 39. Kg2 Kh7 40.
Kf3 Kg6 41. Ke3 Kf5 42. Kf3 Rb3+ 43. Ke2 Ke4 44. Kd2 Kxd4 45. Kc2 Rh3 46. Kb2
Kc4 47. Ka2 Kb4 48. Kb2 Rh2+ 49. Kc1 Kc3 50. Kd1 Ra2 51. Ke1 Kd3 52. Kf1 Ke3
53. Kg1 Kf3 54. Kh1 Kg3 55. Kg1 Ra1# 0-1

[Event "11. Lovsprings EMT Basis 3 2000"]
[Site "Ringsted"]
[Date "2000.04.28"]
[Round "5"]
[White "Abdi, Farhad"]
[Black "Nielsen, Poul"]
[Result "1-0"]
[WhiteElo "1027"]
[BlackElo "1085"]
[PlyCount "75"]
[EventDate "2000.??.??"]

1. Nf3 d5 2. g3 g6 3. Bg2 Bg7 4. O-O e5 5. d3 Nd7 6. Na3 a6 7. c4 d4 8. Re1 Bf8
9. Nc2 c5 10. e3 Be7 11. exd4 exd4 12. Rb1 Rb8 13. Bf4 Ra8 14. Bd6 Qb6 15. Bxe7
Nxe7 16. Qe2 Qd6 17. Ng5 Nf6 18. Ne4 Nxe4 19. Bxe4 O-O 20. Bxb7 Ra7 21. Qxe7
Qb8 22. Qxc5 Rxb7 23. Qxd4 Rd7 24. Qc3 Qb7 25. Ne3 Rd6 26. Nd5 Rxd5 27. cxd5
Qxd5 28. Qc4 Qf3 29. Qe4 Qf6 30. Re3 Bf5 31. Qf3 h5 32. a3 Qd4 33. b4 Rd8 34.
Rbe1 Kg7 35. h4 Bxd3 36. Rd1 Qd5 37. Qxd5 Rxd5 38. Rdxd3 1-0

[Event "11. Lovsprings EMT Basis 3 2000"]
[Site "Ringsted"]
[Date "2000.04.28"]
[Round "5"]
[White "Janbazi, Farzad"]
[Black "Simonsen, Arnhold"]
[Result "1-0"]
[WhiteElo "1039"]
[BlackElo "1000"]
[PlyCount "79"]
[EventDate "2000.??.??"]

1. d4 d5 2. e3 Nf6 3. c4 dxc4 4. Bxc4 e6 5. Nc3 Bb4 6. Nge2 Ne4 7. O-O Bxc3 8.
bxc3 O-O 9. Bd3 Nf6 10. e4 Nc6 11. e5 Ng4 12. Ng3 f5 13. exf6 Nxf6 14. Bg5 b6
15. Qf3 Bb7 16. Be4 Nxe4 17. Bxd8 Rxf3 18. gxf3 Nxg3 19. fxg3 Rxd8 20. Rfe1 Re8
21. f4 g5 22. fxg5 e5 23. Kf2 Rf8+ 24. Ke3 Re8 25. d5 Na5 26. Ke4 Nc4 27. Re2
Rd8 28. Rd1 Nb2 29. Rxb2 Kf8 30. c4 c5 31. a4 Rd6 32. Kxe5 Rd8 33. a5 Ba6 34.
axb6 axb6 35. Rxb6 Bxc4 36. h4 Kf7 37. h5 Re8+ 38. Re6 Rxe6+ 39. dxe6+ Bxe6 40.
Rc1 1-0